[Event "RUS-chT (Women)"]
[Site "Sochi"]
[Date "2019.05.09"]
[Round "8.3"]
[White "Degtyareva, Kristina"]
[Black "Lysenko, Margarita"]
[Result "1/2-1/2"]
[WhiteElo "1812"]
[BlackElo "2211"]
[PlyCount "81"]
[EventDate "2019.05.01"]
[EventType "team-swiss"]
[EventRounds "9"]
[EventCountry "RUS"]
[SourceTitle "CBM 190 Extra"]
[Source "ChessBase"]
[SourceDate "2019.07.15"]
[SourceVersion "1"]
[SourceVersionDate "2019.07.15"]
[SourceQuality "1"]
[WhiteTeam "Altai Territory (W)"]
[BlackTeam "Moscow Region (W)"]
[WhiteTeamCountry "RUS"]
[BlackTeamCountry "RUS"]

1. e4 c5 2. Nf3 g6 3. d4 cxd4 4. Qxd4 Nf6 5. e5 Nc6 6. Qa4 Nd5 7. Qe4 Nc7 8. Nc3 Bg7 9. Bc4 b5 10. Bb3 Bb7 11. Qf4 0-0 12. Ne4 Na5 13. Nc5 Bc6 14. 0-0 Nxb3 15. axb3 Ne6 16. Qe3 Bxf3 17. gxf3 Qc7 18. Nxe6 fxe6 19. f4 a5 20. Qd3 g5 21. Qxb5 gxf4 22. Rd1 Qxc2 23. Qxd7 Qg6+ 24. Kh1 Qe4+ 25. Kg1 Qxe5 26. Bd2 Rf6 27. Qc6 Rg6+ 28. Kh1 Rf8 29. Bc3 Qh5 30. Rg1 Bxc3 31. Rxg6+ hxg6 32. Qxe6+ Kg7 33. bxc3 Qf3+ 34. Kg1 Rf5 35. Qxe7+ Kh6 36. h4 Qxc3 37. Rd1 Qf6 38. Qxf6 Rxf6 39. Rd5 Rb6 40. Re5 Rxb3 41. Kg2 1/2-1/2